000 00668nam a2200205Ia 4500
008 0000002007 usa 0000000000eng00
020 _a9780897973212
090 _aPUS00 G76r1
100 1 _aGrooms, Red
_d1937
245 1 0 _aRed Grooms
300 _a36 p.
_c/ 25 cm.
500 _aExposición realizada en Marlborough Gallery, New York, septiembre 25 octubre 27, 2007
600 0 0 _aGROOMS, RED, 1937/
_xTRABAJOS PICTORICOS
650 1 4 _aARTE CONTEMPORANEO ESTADOUNIDENSE
650 1 4 _xCATALOGOS
650 1 4 _xEXPOSICIONES
650 1 4 _aPINTORES ESTADOUNIDENSES
650 1 4 _aPINTURA ESTADOUNIDENSE
999 _c9128
_d9128
260 _aNew York : Marlborough
_c2007